[Event "Serbia Central Cup"]
[Site "Kragujevac"]
[Date "2018.04.29"]
[Round "1"]
[White "Milosevic, Zoran"]
[Black "Blagojevic, Nebojsa"]
[Result "1/2-1/2"]
[WhiteElo "2208"]
[BlackElo "2176"]
[PlyCount "125"]
[EventDate "2018.04.29"]
[EventType "swiss"]
[EventRounds "6"]
[EventCountry "SRB"]
[SourceTitle "CBM 184 Extra"]
[Source "ChessBase"]
[SourceDate "2018.06.28"]
[SourceVersion "1"]
[SourceVersionDate "2018.06.28"]
[SourceQuality "1"]

1. d4 Nf6 2. Nf3 g6 3. c4 Bg7 4. Nc3 0-0 5. g3 c5 6. Bg2 d6 7. 0-0 a6 8. dxc5 dxc5 9. Qxd8 Rxd8 10. Be3 Nbd7 11. Rfd1 Re8 12. Na4 b6 13. Ne5 Ra7 14. Nxd7 Nxd7 15. Nxb6 Nxb6 16. Bxc5 Rc7 17. Bxb6 Rxc4 18. Rac1 Rxc1 19. Rxc1 Bxb2 20. Rb1 Bf6 21. Bc6 Rf8 22. a4 Be6 23. e4 Rc8 24. Bb7 Rc4 25. a5 Bc8 26. Bd5 Rc2 27. f4 e6 28. Ba8 Be7 29. e5 Kg7 30. Kf1 g5 31. Be4 Rc3 32. Ke2 gxf4 33. Kd2 Ra3 34. gxf4 Ra2+ 35. Ke3 Ra3+ 36. Ke2 Ra2+ 37. Kf3 Ra3+ 38. Kg2 Rc3 39. Rb2 Ba3 40. Rd2 Bc1 41. Rf2 Bd7 42. Bd8 Bc6 43. Bf6+ Kh6 44. Bxc6 Rxc6 45. f5 exf5 46. Rxf5 Bd2 47. Bd8 Kg6 48. Rf2 Be3 49. Re2 Bd4 50. Re4 Bc3 51. Kf3 h5 52. Ke3 Bb2 53. Bb6 Rc3+ 54. Kf2 Kf5 55. Rh4 Kg6 56. Re4 Kf5 57. Rh4 Kg6 58. Ke2 Rb3 59. Re4 Kf5 60. Rh4 Kg6 61. Bc7 Rb5 62. Re4 Kf5 63. Rh4 1/2-1/2

[Event "SRB-chT 1st League"]
[Site "Kragujevac"]
[Date "2015.09.11"]
[Round "9.6"]
[White "Milosevic, Zoran"]
[Black "Todorovic, Goran N"]
[Result "1/2-1/2"]
[WhiteElo "2238"]
[BlackElo "2378"]
[PlyCount "23"]
[EventDate "2015.09.05"]
[EventType "team-tourn"]
[EventRounds "11"]
[EventCountry "SRB"]
[SourceTitle "EXT 2016"]
[Source "ChessBase"]
[SourceDate "2015.10.08"]
[SourceVersion "1"]
[SourceVersionDate "2015.10.08"]
[SourceQuality "1"]
[WhiteTeam "Leskovac Glubocica"]
[BlackTeam "Smederevska Palanka"]
[WhiteTeamCountry "SRB"]
[BlackTeamCountry "SRB"]

1. d4 Nf6 2. c4 e6 3. Nf3 b6 4. g3 Ba6 5. b3 Bb4+ 6. Bd2 Bxd2+ 7. Nbxd2 d5 8. Bg2 0-0 9. Ne5 Bb7 10. 0-0 Nbd7 11. Ndf3 c5 12. e3 1/2-1/2

[Event "SRB-chT 1st League"]
[Site "Kragujevac"]
[Date "2015.09.06"]
[Round "3.4"]
[White "Jovanovic, Sasa M"]
[Black "Milosevic, Zoran"]
[Result "1/2-1/2"]
[WhiteElo "2251"]
[BlackElo "2238"]
[PlyCount "32"]
[EventDate "2015.09.05"]
[EventType "team-tourn"]
[EventRounds "11"]
[EventCountry "SRB"]
[SourceTitle "EXT 2016"]
[Source "ChessBase"]
[SourceDate "2015.10.08"]
[SourceVersion "1"]
[SourceVersionDate "2015.10.08"]
[SourceQuality "1"]
[WhiteTeam "Arandjelovac"]
[BlackTeam "Leskovac Glubocica"]
[WhiteTeamCountry "SRB"]
[BlackTeamCountry "SRB"]

1. Nf3 c5 2. g3 d5 3. c4 Nf6 4. Bg2 Nc6 5. cxd5 Nxd5 6. Nc3 Nc7 7. 0-0 e5 8. d3 Be7 9. Be3 0-0 10. Nd2 Bd7 11. Nc4 f6 12. a4 Rb8 13. f4 Be6 14. f5 Bf7 15. Be4 Nd5 16. Bf2 Ncb4 1/2-1/2

[Event "SRB-chT 1st League"]
[Site "Kragujevac"]
[Date "2015.09.05"]
[Round "1.3"]
[White "Milosevic, Zoran"]
[Black "Bozic, Milan"]
[Result "0-1"]
[WhiteElo "2238"]
[BlackElo "2438"]
[PlyCount "152"]
[EventDate "2015.09.05"]
[EventType "team-tourn"]
[EventRounds "11"]
[EventCountry "SRB"]
[SourceTitle "EXT 2016"]
[Source "ChessBase"]
[SourceDate "2015.10.08"]
[SourceVersion "1"]
[SourceVersionDate "2015.10.08"]
[SourceQuality "1"]
[WhiteTeam "Leskovac Glubocica"]
[BlackTeam "Valjevo Sveti Nikolaj"]
[WhiteTeamCountry "SRB"]
[BlackTeamCountry "SRB"]

1. d4 d6 2. c4 e5 3. g3 exd4 4. Qxd4 Be6 5. Nd2 Nc6 6. Qc3 Nf6 7. Ngf3 d5 8. a3 Qd7 9. Bg2 Bh3 10. 0-0 Bxg2 11. Kxg2 0-0-0 12. b4 dxc4 13. Qxc4 h5 14. h4 Nd5 15. Bb2 f6 16. Rfd1 Nb6 17. Qc2 Qe6 18. e3 a6 19. Rac1 Rd7 20. Nd4 Nxd4 21. Bxd4 Be7 22. Qe4 Qxe4+ 23. Nxe4 Na4 24. Rc4 Nb2 25. Rdc1 Nxc4 26. Rxc4 Rhd8 27. Kf3 b5 28. Rc1 Kb7 29. Nc5+ Bxc5 30. Rxc5 Rd5 31. Rc1 g5 32. Rh1 g4+ 33. Ke4 c6 34. Rf1 Re8+ 35. Kf4 a5 36. f3 f5 37. Rb1 gxf3 38. Kxf3 Re4 39. Rd1 Re8 40. Rb1 Ra8 41. Kf4 Kc7 42. Kg5 Kd7 43. Rc1 axb4 44. axb4 Rg8+ 45. Kf4 Rg4+ 46. Kf3 Rd6 47. Rc5 Rd5 48. Rc2 Kc7 49. Rc1 Kd6 50. Bc5+ Kd7 51. Bd4 Rdxd4 52. exd4 Rxd4 53. Rc5 Rd5 54. Rc3 Rd4 55. Rc5 Rxb4 56. Rxf5 Rb1 57. Rxh5 b4 58. Rh7+ Kc8 59. Ke2 Rg1 60. Kd2 Rg2+ 61. Kc1 Rxg3 62. h5 Rg2 63. h6 Rh2 64. Kb1 c5 65. Ra7 Rxh6 66. Kb2 Rh3 67. Kc2 Kb8 68. Rg7 c4 69. Kb2 Rh2+ 70. Kb1 b3 71. Rg4 Rc2 72. Rg7 Kc8 73. Rh7 Kd8 74. Rb7 Rd2 75. Rb4 Rd4 76. Kb2 c3+ 0-1

[Event "SRB-CupT Central Serbia"]
[Site "Serbia"]
[Date "2014.05.03"]
[Round "6.4"]
[White "Milosevic, Zoran"]
[Black "Radovanovic, Nikola"]
[Result "1/2-1/2"]
[WhiteElo "2229"]
[BlackElo "2308"]
[PlyCount "78"]
[EventDate "2014.03.23"]
[EventType "team"]
[EventRounds "8"]
[EventCountry "SRB"]
[SourceTitle "EXT 2015"]
[Source "ChessBase"]
[SourceDate "2014.11.20"]
[SourceVersion "1"]
[SourceVersionDate "2014.11.20"]
[SourceQuality "1"]

1. d4 Nf6 2. Nf3 g6 3. c4 Bg7 4. Nc3 d5 5. Bg5 Ne4 6. Bh4 Nxc3 7. bxc3 c5 8. e3 Nc6 9. Rc1 dxc4 10. Bxc4 0-0 11. 0-0 Bf5 12. Qe2 Na5 13. Bd3 Bxd3 14. Qxd3 Qd7 15. Rb1 cxd4 16. cxd4 e6 17. Bg3 Rac8 18. Rfc1 Rxc1+ 19. Rxc1 Rc8 20. Rxc8+ Qxc8 21. h3 Qc1+ 22. Kh2 Qb2 23. Qd2 Nc4 24. Qxb2 Nxb2 25. Bb8 a5 26. Nd2 Bf8 27. Kg1 a4 28. Kf1 Nd3 29. Nb1 a3 30. Nc3 Nc1 31. Ke1 Bb4 32. Kd1 Nd3 33. Ne4 f5 34. Ng5 Be7 35. Kc2 Nb4+ 36. Kb3 Nxa2 37. Kxa2 Bxg5 38. Kxa3 Kf7 39. Kb4 Ke8 1/2-1/2

[Event "SRB-chT2 West"]
[Site "Vrnjacka Banja"]
[Date "2013.10.13"]
[Round "6"]
[White "Milosevic, Zoran"]
[Black "Tojagic, Dane"]
[Result "1/2-1/2"]
[WhiteElo "2243"]
[BlackElo "2274"]
[PlyCount "65"]
[EventDate "2013.10.10"]
[EventType "team-tourn"]
[EventRounds "8"]
[EventCountry "SRB"]
[SourceTitle "EXT 2014"]
[Source "ChessBase"]
[SourceDate "2013.11.20"]
[SourceVersion "1"]
[SourceVersionDate "2013.11.20"]
[SourceQuality "1"]

1. d4 d5 2. c4 c6 3. Nf3 Nf6 4. Nc3 a6 5. cxd5 cxd5 6. Bf4 e6 7. e3 Be7 8. h3 0-0 9. Bd3 Nc6 10. Rc1 b5 11. 0-0 Na5 12. Ne5 Bb7 13. Qe2 Rc8 14. Rfd1 Ne4 15. Bb1 f6 16. Nd3 Nxc3 17. Rxc3 Rxc3 18. bxc3 Qc8 19. Qc2 Nc4 20. Ne5 f5 21. a4 bxa4 22. Nxc4 Qxc4 23. Ba2 Qc6 24. Qb2 Rc8 25. Rb1 Ba8 26. f3 Kf7 27. Rc1 Qb5 28. Qc2 Qa5 29. Bg3 Ba3 30. Rb1 Bc6 31. c4 dxc4 32. Qxc4 Bd7 33. Qd3 1/2-1/2

[Event "SRB-chT2 West"]
[Site "Vrnjacka Banja"]
[Date "2013.10.12"]
[Round "5"]
[White "Pavlovic, Dejan S"]
[Black "Milosevic, Zoran"]
[Result "1-0"]
[WhiteElo "2398"]
[BlackElo "2243"]
[PlyCount "111"]
[EventDate "2013.10.10"]
[EventType "team-tourn"]
[EventRounds "8"]
[EventCountry "SRB"]
[SourceTitle "EXT 2014"]
[Source "ChessBase"]
[SourceDate "2013.11.20"]
[SourceVersion "1"]
[SourceVersionDate "2013.11.20"]
[SourceQuality "1"]

1. e4 c5 2. Nf3 e6 3. d4 cxd4 4. Nxd4 Nf6 5. Nc3 d6 6. Be3 a6 7. f3 b5 8. Qd2 Bb7 9. g4 Nc6 10. 0-0-0 Rc8 11. Kb1 Qc7 12. Bd3 Ne5 13. g5 Nfd7 14. Qg2 g6 15. h4 Nc4 16. Bxc4 Qxc4 17. Nb3 Qc7 18. Bd4 e5 19. Be3 Nb6 20. Bxb6 Qxb6 21. Nd5 Bxd5 22. Rxd5 h5 23. Rhd1 Rd8 24. Nd2 Be7 25. Nf1 0-0 26. R5d3 Qb8 27. Ne3 Rd7 28. Nd5 Bd8 29. Qd2 Re8 30. a3 Re6 31. Qc3 Qb7 32. Qb3 Kg7 33. Qc3 Kg8 34. Qb4 a5 35. Qd2 Qc6 36. Rc3 Qb7 37. Qe2 a4 38. Rcd3 Qc6 39. Qe3 Kg7 40. Nb4 Qb6 41. Qe2 Rb7 42. Rc3 Be7 43. Rc6 Qa7 44. Ra6 Qc5 45. Rc6 Qa7 46. Nd5 Bf8 47. Qd2 Re8 48. Qe2 Qa5 49. Qe3 Ra8 50. f4 Qd8 51. Qc3 Qe8 52. Nc7 Rxc7 53. Rxc7 Kg8 54. fxe5 Bg7 55. Rf1 Bxe5 56. Qf3 1-0

[Event "SRB-chT2 West"]
[Site "Vrnjacka Banja"]
[Date "2013.10.11"]
[Round "3"]
[White "Toth, Aleksandar"]
[Black "Milosevic, Zoran"]
[Result "1/2-1/2"]
[WhiteElo "2309"]
[BlackElo "2243"]
[PlyCount "68"]
[EventDate "2013.10.10"]
[EventType "team-tourn"]
[EventRounds "8"]
[EventCountry "SRB"]
[SourceTitle "EXT 2014"]
[Source "ChessBase"]
[SourceDate "2013.11.20"]
[SourceVersion "1"]
[SourceVersionDate "2013.11.20"]
[SourceQuality "1"]

1. e4 c5 2. Nf3 e6 3. d3 Nc6 4. g3 d5 5. Nbd2 Nf6 6. Bg2 dxe4 7. dxe4 Be7 8. 0-0 0-0 9. e5 Nd7 10. Re1 Qc7 11. Qe2 b6 12. b3 Rd8 13. Bb2 Bb7 14. h4 Nf8 15. h5 h6 16. Ne4 Nh7 17. a3 Rd7 18. Qe3 Rad8 19. Bf1 Nd4 20. Bxd4 cxd4 21. Qd2 Bxe4 22. Rxe4 Ng5 23. Nxg5 Bxg5 24. f4 Be7 25. Bd3 Qc3 26. Qd1 b5 27. a4 b4 28. Rb1 Rc7 29. Qg4 Qc6 30. Rf1 Qd5 31. Rf3 Rc3 32. Re2 Rdc8 33. Kf2 Qd7 34. Kg2 Qd5 1/2-1/2

[Event "SRB-chT2 West CS"]
[Site "Serbia"]
[Date "2011.10.14"]
[Round "7.1"]
[White "Ilic, Dragan M"]
[Black "Milosevic, Zoran"]
[Result "1/2-1/2"]
[WhiteElo "2388"]
[BlackElo "2280"]
[PlyCount "57"]
[EventDate "2011.09.11"]
[EventType "team"]
[EventRounds "11"]
[EventCountry "SRB"]
[SourceTitle "EXT 2015"]
[Source "ChessBase"]
[SourceDate "2014.11.20"]
[SourceVersion "1"]
[SourceVersionDate "2014.11.20"]
[SourceQuality "1"]

1. d4 d5 2. c4 c6 3. cxd5 cxd5 4. Nc3 Nf6 5. Nf3 Nc6 6. Bf4 a6 7. e3 e6 8. Be2 Bd6 9. Bxd6 Qxd6 10. 0-0 0-0 11. Rc1 b5 12. a4 b4 13. Nb1 Ne4 14. Nbd2 Nxd2 15. Nxd2 Na5 16. Nb3 Nxb3 17. Qxb3 a5 18. Bb5 Bd7 19. Bxd7 Qxd7 20. Rc5 Rfc8 21. Rfc1 g6 22. g3 Kg7 23. Qd1 h5 24. b3 Qd8 25. Qc2 Rxc5 26. dxc5 Rc8 27. c6 Qf6 28. c7 h4 29. Kg2 1/2-1/2

[Event "Belgrade-ch"]
[Site "Belgrade"]
[Date "2010.01.26"]
[Round "4"]
[White "Nestorovic, Dejan"]
[Black "Milosevic, Zoran"]
[Result "1-0"]
[WhiteElo "2423"]
[BlackElo "2301"]
[PlyCount "51"]
[EventDate "2010.01.23"]
[EventType "swiss"]
[EventRounds "9"]
[EventCountry "YUG"]
[SourceTitle "CBM 134 Extra"]
[Source "ChessBase"]
[SourceDate "2010.03.03"]
[SourceVersion "1"]
[SourceVersionDate "2010.03.03"]
[SourceQuality "1"]

1. d4 d5 2. c4 e6 3. Nc3 Nf6 4. Bg5 Be7 5. e3 h6 6. Bh4 0-0 7. Rc1 b6 8. Bd3 Bb7 9. Nf3 Nbd7 10. 0-0 c5 11. Qe2 Rc8 12. cxd5 exd5 13. Ba6 Bxa6 14. Qxa6 Ra8 15. Rfd1 c4 16. Ne5 g5 17. Bg3 Re8 18. b3 Nf8 19. bxc4 Ne6 20. cxd5 Nxd5 21. Qb7 Nf6 22. Ne4 Nxe4 23. Qxe4 Rc8 24. Qf5 Rf8 25. Nxf7 Nxd4 26. Qg6# 1-0

[Event "SRB Central-ch"]
[Site "Vrnjacka Banja"]
[Date "2008.11.11"]
[Round "5"]
[White "Sredojevic, Ivan"]
[Black "Milosevic, Zoran"]
[Result "1-0"]
[WhiteElo "2396"]
[BlackElo "2279"]
[PlyCount "71"]
[EventDate "2008.11.08"]
[EventType "swiss"]
[EventRounds "9"]
[EventCountry "YUG"]
[SourceTitle "EXT 2010"]
[Source "ChessBase"]
[SourceDate "2010.11.25"]
[SourceVersion "1"]
[SourceVersionDate "2010.11.25"]
[SourceQuality "1"]

1. e4 c5 2. Nf3 e6 3. d4 cxd4 4. Nxd4 Nf6 5. Nc3 d6 6. Bg5 Be7 7. Qd2 a6 8. f3 Qc7 9. 0-0-0 Nc6 10. Bxf6 Bxf6 11. Nxc6 Qxc6 12. Qxd6 Qxd6 13. Rxd6 Bxc3 14. bxc3 Bd7 15. Rb6 0-0-0 16. Rb4 Bc6 17. Bd3 Kc7 18. Kd2 e5 19. Ke3 f6 20. Rhb1 Rb8 21. c4 a5 22. Rb6 Ra8 23. c5 Ra7 24. Bb5 Bxb5 25. R1xb5 Rd8 26. Re6 Rd7 27. Rbb6 a4 28. c6 Kxb6 29. cxd7+ Kc7 30. Re7 Kd8 31. Rxg7 a3 32. Rxh7 Ra6 33. h4 Rb6 34. h5 Rb2 35. h6 Rxa2 36. Rg7 1-0

[Event "SRB-chT2 West"]
[Site "Serbia"]
[Date "2007.10.14"]
[Round "6.2"]
[White "Milosevic, Zoran"]
[Black "Gavrilovic, Leonardo"]
[Result "1-0"]
[WhiteElo "2259"]
[BlackElo "2241"]
[PlyCount "61"]
[EventDate "2007.09.09"]
[EventType "team"]
[EventRounds "11"]
[EventCountry "SRB"]
[SourceTitle "EXT 2012"]
[Source "ChessBase"]
[SourceDate "2011.11.24"]
[SourceVersion "1"]
[SourceVersionDate "2011.11.24"]
[SourceQuality "1"]
[WhiteTeam "Fap SK"]
[BlackTeam "Cacak Borac"]
[WhiteTeamCountry "SRB"]
[BlackTeamCountry "SRB"]

1. d4 Nf6 2. Nf3 e6 3. c4 b6 4. Nc3 Bb7 5. Qc2 c5 6. e4 cxd4 7. Nxd4 Nc6 8. Nxc6 dxc6 9. Bf4 Nh5 10. Rd1 Qf6 11. Be3 Bb4 12. Be2 Nf4 13. Bf3 e5 14. 0-0 Ne6 15. Nd5 cxd5 16. Qa4+ Kd8 17. exd5 Nc5 18. Qxb4 Rc8 19. Qa3 a5 20. Bg4 Rc7 21. b4 axb4 22. Qxb4 Qg6 23. Be2 f5 24. f4 Re8 25. Bf3 Qd6 26. fxe5 Qxe5 27. Rfe1 Qf6 28. d6 Bxf3 29. Qxb6 Ne6 30. dxc7+ Ke7 31. Qd6+ 1-0

[Event "SRB-chT2 West"]
[Site "Serbia"]
[Date "2007.10.07"]
[Round "5.6"]
[White "Radovanovic, Dusan"]
[Black "Milosevic, Zoran"]
[Result "1/2-1/2"]
[WhiteElo "2327"]
[BlackElo "2259"]
[PlyCount "40"]
[EventDate "2007.09.09"]
[EventType "team"]
[EventRounds "11"]
[EventCountry "SRB"]
[SourceTitle "EXT 2012"]
[Source "ChessBase"]
[SourceDate "2011.11.24"]
[SourceVersion "1"]
[SourceVersionDate "2011.11.24"]
[SourceQuality "1"]
[WhiteTeam "Pozega"]
[BlackTeam "Fap SK"]
[WhiteTeamCountry "SRB"]
[BlackTeamCountry "SRB"]

1. e4 c6 2. d4 d5 3. e5 Bf5 4. c4 e6 5. Nc3 Nd7 6. a3 dxc4 7. Bxc4 Nb6 8. Bb3 Ne7 9. Nge2 Ned5 10. Ng3 Bg6 11. Nce4 Be7 12. h4 h5 13. Qf3 Qc7 14. Bg5 0-0-0 15. 0-0 Kb8 16. Rac1 Bxg5 17. Nxg5 Qe7 18. Bc2 Bxc2 19. Rxc2 f6 20. exf6 gxf6 1/2-1/2

[Event "SRB-chT2 West"]
[Site "Serbia"]
[Date "2007.09.30"]
[Round "4.4"]
[White "Jakic, Vidan"]
[Black "Milosevic, Zoran"]
[Result "1/2-1/2"]
[WhiteElo "2109"]
[BlackElo "2259"]
[PlyCount "64"]
[EventDate "2007.09.09"]
[EventType "team"]
[EventRounds "11"]
[EventCountry "SRB"]
[SourceTitle "EXT 2012"]
[Source "ChessBase"]
[SourceDate "2011.11.24"]
[SourceVersion "1"]
[SourceVersionDate "2011.11.24"]
[SourceQuality "1"]
[WhiteTeam "Zlatar"]
[BlackTeam "Fap SK"]
[WhiteTeamCountry "SRB"]
[BlackTeamCountry "SRB"]

1. e4 c5 2. Nf3 e6 3. d4 cxd4 4. Nxd4 Nf6 5. Nc3 d6 6. g3 a6 7. Bg2 Be7 8. 0-0 Qc7 9. Be3 0-0 10. g4 Nc6 11. Nxc6 bxc6 12. g5 Nd7 13. f4 Rd8 14. Na4 Rb8 15. c4 c5 16. Bd2 Bb7 17. Qe1 Qc8 18. b3 Bc6 19. Nc3 Qb7 20. Nd5 Bf8 21. Qh4 Qa8 22. Rf3 exd5 23. exd5 Bxd5 24. Rh3 Be4 25. Re1 Bf5 26. Bxa8 Rxa8 27. Rhe3 a5 28. a4 Rdb8 29. Rc1 g6 30. Rh3 Bxh3 31. Qxh3 Rb7 32. Bc3 Bg7 1/2-1/2

[Event "SRB-chT2 West"]
[Site "Serbia"]
[Date "2007.09.23"]
[Round "3.6"]
[White "Milosevic, Zoran"]
[Black "Kahrovic, Mersid"]
[Result "1-0"]
[WhiteElo "2259"]
[BlackElo "2261"]
[PlyCount "67"]
[EventDate "2007.09.09"]
[EventType "team"]
[EventRounds "11"]
[EventCountry "SRB"]
[SourceTitle "EXT 2012"]
[Source "ChessBase"]
[SourceDate "2011.11.24"]
[SourceVersion "1"]
[SourceVersionDate "2011.11.24"]
[SourceQuality "1"]
[WhiteTeam "Fap SK"]
[BlackTeam "Prijepolje Priko"]
[WhiteTeamCountry "SRB"]
[BlackTeamCountry "SRB"]

1. d4 d5 2. c4 e6 3. Nc3 Be7 4. Nf3 Nf6 5. Bg5 a6 6. e3 c6 7. Bd3 Nbd7 8. 0-0 0-0 9. Re1 b5 10. cxd5 cxd5 11. Rc1 Bb7 12. h3 Rc8 13. Re2 Qa5 14. Ne5 Nb6 15. a3 Rfe8 16. Rec2 Nc4 17. Nb1 g6 18. Bxf6 Bxf6 19. Nd7 Be7 20. b4 Qc7 21. Nc5 Bd6 22. a4 Ra8 23. Nc3 Bc6 24. Nxa6 Rxa6 25. axb5 Rb6 26. bxc6 Bxb4 27. Bxc4 dxc4 28. Ne4 Rxc6 29. Nf6+ Kf8 30. Nxe8 Kxe8 31. d5 exd5 32. Qxd5 c3 33. Qb5 Qd6 34. Rxc3 1-0

[Event "SRB-chT2 West"]
[Site "Serbia"]
[Date "2006.10.27"]
[Round "8.1"]
[White "Milosevic, Zoran"]
[Black "Djuric, Zoran"]
[Result "1/2-1/2"]
[WhiteElo "2260"]
[BlackElo "2181"]
[PlyCount "131"]
[EventDate "2006.09.09"]
[EventType "team"]
[EventRounds "11"]
[EventCountry "SRB"]
[SourceTitle "EXT 2012"]
[Source "ChessBase"]
[SourceDate "2011.11.24"]
[SourceVersion "1"]
[SourceVersionDate "2011.11.24"]
[SourceQuality "1"]

1. d4 d5 2. c4 e6 3. Nc3 Nf6 4. Nf3 c6 5. Bg5 dxc4 6. e4 b5 7. e5 h6 8. Bh4 g5 9. Nxg5 hxg5 10. Bxg5 Nbd7 11. exf6 Bb7 12. g3 c5 13. d5 Qb6 14. Bg2 0-0-0 15. 0-0 b4 16. Na4 Qd6 17. dxe6 Qxe6 18. Bxb7+ Kxb7 19. Re1 Qc6 20. h4 Bd6 21. f4 Nf8 22. Qc2 Ne6 23. Rxe6 fxe6 24. Re1 Qf3 25. Qe4+ Qxe4 26. Rxe4 Kc6 27. Rxc4 Kd5 28. b3 e5 29. fxe5 Bxe5 30. Rxc5+ Ke4 31. Kg2 Rd3 32. Rc4+ Kd5 33. Bf4 Bxf4 34. Rxf4 Rd4 35. Rf2 Rf8 36. Kh3 Ke5 37. f7 Ke6 38. Nc5+ Kd6 39. Na4 Ke7 40. Re2+ Kxf7 41. Nb2 Re8 42. Rf2+ Kg6 43. Nc4 Re1 44. Nd2 Rh1+ 45. Kg2 Ra1 46. Nf3 Rd5 47. Kh3 Ra5 48. Rd2 R1xa2 49. Rd6+ Kf7 50. Ng5+ Ke7 51. Re6+ Kd7 52. Re3 Rb5 53. Nf3 a5 54. Ne5+ Ke6 55. Nc4+ Kf6 56. g4 Rc5 57. g5+ Kf5 58. Nd6+ Kf4 59. Re4+ Kf3 60. Re6 a4 61. g6 Rc3 62. Rf6+ Ke3 63. Nf5+ Kd2+ 64. Ng3 axb3 65. g7 b2 66. g8Q 1/2-1/2

[Event "SRB-chT2 West"]
[Site "Serbia"]
[Date "2006.10.07"]
[Round "5.4"]
[White "Colovic, Zoran"]
[Black "Milosevic, Zoran"]
[Result "1-0"]
[WhiteElo "2209"]
[BlackElo "2260"]
[PlyCount "219"]
[EventDate "2006.09.09"]
[EventType "team"]
[EventRounds "11"]
[EventCountry "SRB"]
[SourceTitle "EXT 2012"]
[Source "ChessBase"]
[SourceDate "2011.11.24"]
[SourceVersion "1"]
[SourceVersionDate "2011.11.24"]
[SourceQuality "1"]

1. e4 c5 2. c3 d5 3. exd5 Qxd5 4. d4 Nc6 5. Nf3 Bg4 6. Be2 cxd4 7. cxd4 e6 8. Nc3 Bb4 9. 0-0 Qa5 10. Bd2 Nf6 11. a3 Bxc3 12. Bxc3 Qd5 13. Rc1 0-0 14. h3 Bh5 15. Qd3 Rfd8 16. Rfd1 Rac8 17. Qe3 Ne7 18. g4 Bg6 19. Ne5 Qb3 20. Ba5 Qxe3 21. fxe3 b6 22. Be1 Bc2 23. Rd2 Be4 24. Rdd1 Nfd5 25. Bf2 f6 26. Bd3 Bxd3 27. Nxd3 g5 28. e4 Nf4 29. Nxf4 gxf4 30. Rc3 Rxc3 31. bxc3 Rc8 32. Rd3 Kf7 33. Kg2 Rc4 34. Kf3 Ra4 35. Kxf4 Rxa3 36. h4 Ra2 37. Kg3 Rc2 38. d5 e5 39. Be3 Kg6 40. d6 Nc6 41. d7 Nd8 42. g5 h5 43. Kf3 Rh2 44. Rd6 Rh3+ 45. Ke2 Rxh4 46. Rxf6+ Kg7 47. Kd3 Rh3 48. Ke2 Rh4 49. Kd3 Rh3 50. Rd6 Kf7 51. Rh6 Kg7 52. Ke2 Rh4 53. Kd3 Rh3 54. Rd6 Kf7 55. Ke2 Ke7 56. Rd5 Ke6 57. c4 Rh4 58. Kf3 Rh3+ 59. Kf2 Rh4 60. c5 Rxe4 61. Rd6+ Ke7 62. g6 Rg4 63. Kf3 e4+ 64. Kf2 h4 65. Rd5 Rxg6 66. Bg5+ Rxg5 67. Rxg5 Kxd7 68. cxb6 axb6 69. Re5 Ne6 70. Rxe4 h3 71. Kg3 Kd6 72. Rg4 Kd5 73. Kxh3 Nd4 74. Kg2 b5 75. Kf2 Ne6 76. Ke3 Nc5 77. Kd2 Ne4+ 78. Ke3 Nc5 79. Rh4 Na4 80. Kd3 Kc5 81. Kc2 Kb6 82. Rh5 Ka5 83. Kb3 Nb6 84. Rh6 Na4 85. Rh8 Nc5+ 86. Kc3 Na4+ 87. Kc2 Nc5 88. Rh5 Na4 89. Kb3 Nb6 90. Rh7 Nd5 91. Rd7 Nb4 92. Rd8 Nc6 93. Rd1 Kb6 94. Rd6 Kc5 95. Rh6 Nd4+ 96. Kc3 Nc6 97. Rh5+ Kb6 98. Kd3 Ka6 99. Ke4 Ka5 100. Kd5 Nb4+ 101. Kd4 Ka4 102. Rh6 Nc2+ 103. Kc3 Nb4 104. Rh4 Ka3 105. Rxb4 Ka2 106. Rg4 b4+ 107. Rxb4 Ka3 108. Rc4 Ka2 109. Kc2 Ka3 110. Rh4 1-0